000 00695nam a2200181Ia 4500
008 151202s9999||||xx |||||||||||||| ||und||
082 _bPNVM-66371
100 _aचवरे रेखा.
245 _aहे रत्न भारताचे लता मंगेशकर.
260 _b"परचुरे प्रकाशन मंदिर,मुंबई."
260 _c2008
300 _a228
600 _aचवरे रेखा.
630 _aहे रत्न भारताचे लता मंगेशकर.
700 _aचवरे रेखा.
730 _aहे रत्न भारताचे लता मंगेशकर.
942 _cBOOK
999 _c1332903
_d1332900